| 000 | 00799nam a2200229 i 4500 | ||
|---|---|---|---|
| 001 | 134531 | ||
| 003 | ES-MaACL | ||
| 005 | 20250707035512.0 | ||
| 007 | t| | ||
| 008 | 070911s1985 sp ||||1| spa d | ||
| 020 | _a84-309-1184-7 | ||
| 100 | 1 |
_aWeber, Max. _9116265 |
|
| 245 | 1 | 3 |
_aEl problema de la irracionalidad en las ciencias sociales / _cMax Weber ; estudio preliminar José María García Blanco ; traducción de Lioba Simón y José María García Blanco. |
| 260 |
_aMadrid : _bTecnos, _c[1985] |
||
| 300 |
_aXXX, 192 p. ; _c18 cm. |
||
| 490 | 1 |
_aClásicos del pensamiento ; _v9 |
|
| 700 | 1 |
_aGarcía Blanco, José María. _954271 |
|
| 700 | 1 |
_aSimón, Lioba. _9106523 |
|
| 830 | 0 | 0 |
_aClásicos del pensamiento _v9 _9177261 |
| 852 |
_aES-MaACL _jL-12660 |
||
| 999 |
_c134531 _d134531 |
||